| 000 | 00356nam a2200133Ia 4500 | ||
|---|---|---|---|
| 008 | 150202s9999 xx 000 0 und d | ||
| 020 | _a525426004 | ||
| 050 |
_aFIC _bFIC |
||
| 100 | _aGreen, John. | ||
| 245 | 4 |
_aThe fault in our stars / _cJohn Green. |
|
| 260 |
_aNew York : _bDutton Books, _c2012. |
||
| 300 |
_a318 pages : _c21 cm. |
||
| 650 | _aFiction. | ||
| 999 |
_c282491 _d282491 |
||